000 00639nam a2200241Ia 4500
003 OSt
005 20220918192523.0
006 a|||||r|||| 00| 0
007 ta
008 220917b |||||||| |||| 00| 0 eng d
024 _a68,822
037 _cTextual
040 _aARTS
_cARTS
_beng
041 _2eng
_aeng
082 _aR3, L6
100 _aNeedham Joseph
245 0 _aMoulds of understanding
_b a pattern of natural philosophy ed by Gary Werskey
250 _a2nd
260 _aLondon
_bGeorge Allen
_c1976
300 _a320p.
_ccm.
942 _hR3, L6
_cTEXL
_2CC
999 _c194993
_d194993